000 00793nam a2200253Ia 4500
003 OSt
005 20221005050037.0
006 a|||||r|||| 00| 0
007 ta
008 221004b |||||||| |||| 00| 0 ben d
020 _a9788129516947 (hbk)
_c160
024 _a4220
037 _b799, 20/03/2013, Bright Book Service
_cTextual
040 _aCRL
_cCRL
_bben
041 _2ben
_aben
082 _aO157,3N36x, Q0.2
100 _aChattopadhyay Sanjib
245 0 _aKishore rachanasambhar
260 _aKolkata
_bSudhangshu Sekhar Dey Dey's Publishing India
_c2013
300 _a408p.
_ccm.
650 _aMODERN EUROPEAN LANGUAGES
942 _hO157,3N36x, Q0.2
_cTEXL
_2cc
999 _c956197
_d956197